000 00542nam a2200181Ia 4500
008 220216s9999 xx 000 0 und d
100 _aPhilip S.
245 0 _aDetection of B-1, 3-glucanase isoforms against corynespora leaf disease of rubber (Hevea brasiliensis)
260 _bIndian Journal of Natural Rubber Research
_c2001
300 _a6-Jan
650 _aB-1,3-glucanase
650 _aCorynespora cassiicola
700 _aJacob C.K.
700 _aJoseph A.
700 _aKothandaraman R.
700 _aKumar K.A.
942 _cBS
999 _c51621
_d51621